Dirección de la producción: problemas y ejercicios resueltos
Sábháilte in:
| Príomhchruthaitheoirí: | , , , , |
|---|---|
| Formáid: | LEABHAR |
| Teanga: | Spáinnis |
| Foilsithe / Cruthaithe: |
Madrid
Prentice Hall
2003
|
| Ábhair: | |
| Clibeanna: |
Cuir clib leis
Níl clibeanna ann, Bí ar an gcéad duine le clib a chur leis an taifead seo!
|
MARC
| LEADER | 00000nam a2200000 a 4500 | ||
|---|---|---|---|
| 001 | UCJ0842 | ||
| 003 | CL-VaPUC | ||
| 008 | 060908e20030000SP |||||||||||||||||spa|d | ||
| 020 | |a 8420540234 | ||
| 082 | 0 | 4 | |a 658.5 |b MAR |2 21 |
| 100 | |a Martín Peña, María Luz |e autora |9 501238 | ||
| 700 | 0 | |a Carrasco Bañuelos, Eva |e author |9 501239 | |
| 700 | 0 | |a Díaz Garrido, Eloisa |e author |9 501240 | |
| 700 | 0 | |a García Muiña, Fernando E |e author |9 501241 | |
| 700 | 0 | |a Montero Navarro, Antonio |e author |9 501242 | |
| 245 | 1 | 0 | |a Dirección de la producción: problemas y ejercicios resueltos |
| 300 | |a 271 p | ||
| 942 | |c BK | ||
| 945 | |d 20060908 00:00:00 |a jtorresc | ||
| 260 | |a Madrid |b Prentice Hall |c 2003 | ||
| 650 | 0 | |a Gestión de la producción |9 259467 | |
| 650 | 7 | |a PLANIFICACION |2 CL-VaPUC |9 260802 | |
| 650 | 0 | |a Control de calidad |9 259714 | |
| 650 | 0 | |a Calidad total |9 259929 | |
| 650 | 0 | |a Recursos humanos |9 228420 | |
| 583 | |a last modification |c 20140409 03:02:07 |k Rodrigo Vera | ||
| 999 | |c 317595 |d 317593 | ||
| 952 | |0 0 |1 0 |4 0 |6 658_500000000000000_MAR_2003 |7 0 |8 A |9 394152 |a BIBENE |b BIBENE |d 2019-11-22 |i 4277651 |o 658.5 MAR 2003 |p 4277651 |r 2025-01-15 |w 2019-11-22 |y BK |k ICO | ||